Trường và sóng điện từ: T2

Guardat en:
Dades bibliogràfiques
Autor principal: L D Golstéine
Format: Llibre
Idioma:Undetermined
Publicat: Hà Nội ĐH và THCN 1982
Matèries:
Etiquetes: Afegir etiqueta
Sense etiquetes, Sigues el primer a etiquetar aquest registre!
Thư viện lưu trữ: Trung tâm Học liệu Trường Đại học Cần Thơ
LEADER 00561nam a2200181Ia 4500
001 CTU_2168
008 210402s9999 xx 000 0 und d
082 |a 530.14 
082 |b G617/T2 
100 |a L D Golstéine 
245 0 |a Trường và sóng điện từ: T2 
245 0 |c L D Golstéine, N V Zernov; Dịch giả: Phan Anh 
260 |a Hà Nội 
260 |b ĐH và THCN 
260 |c 1982 
650 |a electromagnetic theory,quantum field theory 
904 |i Minh, 960822 
980 |a Trung tâm Học liệu Trường Đại học Cần Thơ